Catalog

Record Details

Catalog Search



The Murder House  Cover Image Book Book

The Murder House / James Patterson and David Ellis.

Summary:

No. 7 Ocean Drive is a gorgeous, multimillion-dollar beachfront estate in the Hamptons, where money and privilege know no bounds. But its beautiful gothic exterior hides a horrific past: it was the scene of a series of depraved killings that have never been solved. Neglected, empty, and rumored to be cursed, it's known as the Murder House, and locals keep their distance. Detective Jenna Murphy used to consider herself a local, but she hasn't been back since she was a girl. Trying to escape her troubled past and rehabilitate a career on the rocks, the former New York City cop hardly expects her lush and wealthy surroundings to be a hotbed of grisly depravity. But when a Hollywood power broker and his mistress are found dead in the abandoned Murder House, the gruesome crime scene rivals anything Jenna experienced in Manhattan. And what at first seems like an open and shut case turns out to have as many shocking secrets as the Murder House itself, as Jenna quickly realizes that the mansion's history is much darker than even the town's most salacious gossips could have imagined. As more bodies surface, and the secret that Jenna has tried desperately to escape closes in on her, she must risk her own life to expose the truth -- before the Murder House claims another victim.

Record details

  • ISBN: 9780316410984 (hardback)
  • ISBN: 0316410985 (hardback)
  • Physical Description: 451, 12 pages ; 25 cm
  • Edition: First edition.
  • Publisher: New York : Little, Brown and Company, 2015.

Content descriptions

General Note:
Includes excerpt from Patterson's next novel, "Cross Justice."
Subject: Serial murder investigation > Fiction.
Cold cases (Criminal investigation) > Fiction.
Policewomen > Fiction.
Homecoming > Fiction.
Mansions > New York (State) > Hamptons > Fiction.
Hamptons (New York) > Fiction.
Genre: Detective and mystery fiction.
=655 \7 Thrillers (Fiction)

Available copies

  • 1 of 1 copy available at scottsboropl.

Holds

  • 0 current holds with 1 total copy.
Show Only Available Copies
Location Call Number / Copy Notes Barcode Shelving Location Status Due Date
scottsboropl F Pat 32269000973753 Adult - Fiction Available -

LDR 03002nam a2200457Ii 4500
001140065
003SBPL
00520151019074840.0
008141212s2015 nyu 000 f eng d
010 . ‡a 2015942282
020 . ‡a9780316410984 (hardback)
020 . ‡a0316410985 (hardback)
035 . ‡a(CONS)140065
035 . ‡a(CPomAG)LMN590756
050 4. ‡aPS3566.A822 ‡bM87 2015
08204. ‡a813.54 ‡223
1001 . ‡aPatterson, James, ‡d1947- ‡eauthor.
24514. ‡aThe Murder House / ‡cJames Patterson and David Ellis.
250 . ‡aFirst edition.
264 1. ‡aNew York : ‡bLittle, Brown and Company, ‡c2015.
300 . ‡a451, 12 pages ; ‡c25 cm
336 . ‡atext ‡btxt ‡2rdacontent
337 . ‡aunmediated ‡bn ‡2rdamedia
338 . ‡avolume ‡bnc ‡2rdacarrier
500 . ‡aIncludes excerpt from Patterson's next novel, "Cross Justice."
520 . ‡aNo. 7 Ocean Drive is a gorgeous, multimillion-dollar beachfront estate in the Hamptons, where money and privilege know no bounds. But its beautiful gothic exterior hides a horrific past: it was the scene of a series of depraved killings that have never been solved. Neglected, empty, and rumored to be cursed, it's known as the Murder House, and locals keep their distance. Detective Jenna Murphy used to consider herself a local, but she hasn't been back since she was a girl. Trying to escape her troubled past and rehabilitate a career on the rocks, the former New York City cop hardly expects her lush and wealthy surroundings to be a hotbed of grisly depravity. But when a Hollywood power broker and his mistress are found dead in the abandoned Murder House, the gruesome crime scene rivals anything Jenna experienced in Manhattan. And what at first seems like an open and shut case turns out to have as many shocking secrets as the Murder House itself, as Jenna quickly realizes that the mansion's history is much darker than even the town's most salacious gossips could have imagined. As more bodies surface, and the secret that Jenna has tried desperately to escape closes in on her, she must risk her own life to expose the truth -- before the Murder House claims another victim.
650 0. ‡aSerial murder investigation ‡vFiction.
650 0. ‡aCold cases (Criminal investigation) ‡vFiction.
650 0. ‡aPolicewomen ‡vFiction.
650 0. ‡aHomecoming ‡vFiction.
650 0. ‡aMansions ‡zNew York (State) ‡zHamptons ‡vFiction.
651 0. ‡aHamptons (New York) ‡vFiction.
655 7. ‡aDetective and mystery fiction. ‡2lcgft
655 7. ‡a=655 \7 ‡aThrillers (Fiction) ‡2lcgft
7001 . ‡aEllis, David, ‡d1967- ‡eauthor.
901 . ‡a140065 ‡bUnknown ‡c140065 ‡tbiblio

Additional Resources